000 00689nam a22002177a 4500
999 _c15290
_d15290
003 AR-CdUCM
008 190426b ||||| |||| 00| 0 spa d
020 _a968-16-7571-1
040 _aMUNICIPALIDAD PROVINCIAL DEL CUSCO
_cBIBLIOTECA MUNICIPAL DEL CUSCO
041 _hbej
082 _aPI / 808.068 /
_bG68
100 _aGuldemont, Agnes
_934335
245 _aDon Fernando /
260 _aMéxico :
_bFondo de cultura económica,
_c2005.
300 _a28 páginas ;
_bIlustraciones,
_c25 cm.
440 _aLos especiales de A la orilla del viento ;
_933315
650 _aLiteratura infantil
_9588
700 _aCneut, Carll
_934336
942 _2ddc
_cLIBROS
945 _aacv
_d2019-04-26